[Event "Kupreichik Memorial Open 2018"]
[Site "Minsk"]
[Date "2018.06.21"]
[Round "1"]
[White "Yagutian, Mariya"]
[Black "Shaban, Alena"]
[Result "1-0"]
[WhiteElo "1506"]
[BlackElo "2027"]
[Annotator "NA"]
[PlyCount "67"]
[EventDate "2018.06.21"]
[EventCountry "BLR"]
[SourceTitle "playchess.com"]
[Source "ChessBase"]
[SourceQuality "1"]
[TimeControl "900+10"]

1. d4 {[%emt 0:00:00]} d5 {[%emt 0:00:03]} 2. c4 {[%emt 0:00:00]} e6 {[%emt 0:00:03]} 3. Nf3 {[%emt 0:00:00]} Nf6 {[%emt 0:00:01]} 4. g3 {[%emt 0:00:04]} c5 {[%emt 0:00:28]} 5. cxd5 {[%emt 0:00:06]} Nxd5 {[%emt 0:00:35]} 6. Bg2 {[%emt 0:00:55]} Nc6 {[%emt 0:00:04]} 7. O-O {[%emt 0:00:12]} c4 {[%emt 0:01:29]} 8. Nbd2 {[%emt 0:00:50]} c3 {[%emt 0:02:22]} 9. Nc4 {[%emt 0:01:49]} b5 {[%emt 0:02:50]} 10. Nce5 {[%emt 0:01:06]} Bb7 {[%emt 0:00:08]} 11. e4 {[%emt 0:02:01]} Nxe5 {[%emt 0:01:05]} 12. Nxe5 {[%emt 0:00:57]} Nf6 {[%emt 0:00:36]} 13. Qd3 {[%emt 0:02:17]} cxb2 {[%emt 0:02:52]} 14. Qxb5+ {[%emt 0:00:11]} Nd7 {[%emt 0:00:04]} 15. Bxb2 {[%emt 0:00:20]} Rb8 {[%emt 0:00:46]} 16. Nxd7 {[%emt 0:00:41]} Qxd7 {[%emt 0:00:15]} 17. Qe5 {[%emt 0:00:36]} Rd8 {[%emt 0:01:18]} 18. Rfc1 {[%emt 0:00:59]} f6 {[%emt 0:00:06]} 19. Qa5 {[%emt 0:00:34]} Bc6 {[%emt 0:00:48]} 20. d5 {[%emt 0:02:20]} Ba4 {[%emt 0:00:54]} 21. Rc7 {[%emt 0:00:43]} Qb5 {[%emt 0:00:02]} 22. Qxb5+ {[%emt 0:00:10]} Bxb5 {[%emt 0:00:02]} 23. Rxa7 {[%emt 0:00:19]} Bc5 {[%emt 0:00:08]} 24. Ra5 {[%emt 0:00:08]} Rb8 {[%emt 0:00:05]} 25. Bc3 {[%emt 0:00:58]} exd5 {[%emt 0:00:05]} 26. exd5 {[%emt 0:00:14]} Bd6 {[%emt 0:00:08]} 27. Rb1 {[%emt 0:00:02]} Bc4 {[%emt 0:00:04]} 28. Rxb8+ {[%emt 0:00:04]} Bxb8 {[%emt 0:00:01]} 29. Ra8 {[%emt 0:00:02]} O-O {[%emt 0:00:06]} 30. Bb4 {[%emt 0:00:09]} Rd8 {[%emt 0:00:07]} 31. d6 {[%emt 0:00:06]} Kf7 {[%emt 0:00:07]} 32. Ba5 {[%emt 0:00:18]} Rf8 {[%emt 0:00:12]} 33. Bc7 {[%emt 0:00:09]} Ba7 {[%emt 0:00:15]} 34. d7 {[%emt 0:00:30]} 1-0

[Event "Kupreichik Memorial Open 2018"]
[Site "Minsk"]
[Date "2018.06.21"]
[Round "2"]
[White "Andreikin, Dmitry"]
[Black "Katashuk, Uladzislau"]
[Result "1-0"]
[WhiteElo "2733"]
[BlackElo "2149"]
[Annotator "TA"]
[PlyCount "53"]
[EventDate "2018.06.21"]
[EventCountry "BLR"]
[SourceTitle "playchess.com"]
[Source "ChessBase"]
[SourceQuality "1"]

{[%evp 28,53,50,43,89,101,94,91,85,28,101,100,97,105,93,104,124,127,242,246,416,370,1221,1270,29996,29997,29997,29998]} 1. e4 e5 2. Nf3 Nc6 3. Bb5 Nge7 4. O-O g6 5. c3 Bg7 6. d4 exd4 7. cxd4 d5 8. exd5 Nxd5 9. Re1+ Be6 10. Bg5 Qd6 11. Nbd2 O-O 12. Ne4 Qb4 13. Bxc6 bxc6 14. Qc1 Rab8 {C60: Ruy Lopez: Unusual Black 3rd moves and 3...g6} (14... Rfe8 15. Bd2 Qb6 16. Nc5 Bf5 17. Ne5 Re7 18. a4 Bxe5 19. dxe5 Rb8 20. b4 Rbe8 21. Qc4 Rxe5 22. Rxe5 Rxe5 {½-½ (39) Ly,M (2501)-Banusz,T (2616) Abu Dhabi 2016}) 15. b3 {LiveBook: 12 Games} Bxd4 16. Nxd4 Qxd4 {White is better.} 17. Qxc6 Rb6 18. Qc1 $146 (18. Qc2 $16) ({Predecessor:} 18. Qc5) 18... a5 (18... f6 $11 19. Bh6 Re8) 19. Qa3 Bf5 20. Rad1 Qb4 21. Qxb4 Nxb4 22. Nf6+ $40 {[%mdl 128] White attacks with force.} Kg7 (22... Kh8 $16) 23. Ne8+ $18 Kh8 $2 (23... Rxe8 24. Rxe8 Re6) 24. Bh6 Rg8 $2 (24... Kg8 25. Rd8 f6) 25. Rd8 {Bg7+! would kill now.} Nc6 {[#]} 26. Bg7+ $1 {[%mdl 512]} Rxg7 27. Nf6+ {Precision: White = 72%, Black = 15%.} 1-0

[Event "Kupreichik Memorial Open 2018"]
[Site "Minsk"]
[Date "2018.06.21"]
[Round "2"]
[White "Mamedov, Rauf"]
[Black "Sirotkina, Nina"]
[Result "1-0"]
[WhiteElo "2711"]
[BlackElo "2116"]
[Annotator "TA"]
[PlyCount "87"]
[EventDate "2018.06.21"]
[EventCountry "BLR"]
[SourceTitle "playchess.com"]
[Source "ChessBase"]
[SourceQuality "1"]

{[%evp 21,87,15,19,-23,38,33,67,31,111,111,120,111,105,98,117,75,87,70,71,67,70,72,66,73,66,66,95,91,130,102,85,93,114,102,91,74,129,116,290,292,288,50,289,283,283,280,281,285,278,177,370,356,437,434,374,422,446,444,423,433,596,604,598,477,502,465,29980,29979]} 1. e4 c5 2. Nf3 e6 3. d4 cxd4 4. Nxd4 Nf6 5. Nc3 d6 6. g4 h6 7. h4 Be7 8. Bg2 Nfd7 {B81: Sicilian Scheveningen: Keres Attack} 9. g5 hxg5 10. hxg5 Rxh1+ 11. Bxh1 g6 {LiveBook: 3 Games} 12. Qg4 (12. Ndb5 Nb6 13. e5 d5 14. Bf4 Nc6 15. Qg4 a6 16. Nd6+ Bxd6 17. exd6 {1-0 (60) Volokitin,A (2695)-Fauland,A (2452) Austria 2012}) 12... Ne5 $146 (12... Nc6 $11 13. Nb3 a5) ({Predecessor:} 12... Nc6 13. Qh4 Nxd4 14. Qh8+ Nf8 15. Qxd4 e5 16. Qb4 {½-½ (45) Sulskis,S (2578)-Ehlvest,J (2587) Los Angeles 2003}) 13. Qh4 Nbc6 14. Nxc6 Nxc6 (14... bxc6 $14 15. f4 Qb6 16. fxe5 Qg1+ 17. Ke2 Ba6+ 18. Kf3 Qf1+ 19. Kg4 Qg1+ 20. Kf4 dxe5+ 21. Kf3 Qf1+ 22. Kg4 Qg1+ 23. Kf3 Qf1+ 24. Kg4 Qg1+ 25. Kf3) 15. Be3 $16 Qa5 16. O-O-O Bd7 17. Qh8+ Bf8 18. Kb1 {Threatens to win with f4.} O-O-O 19. Qf6 Ne5 20. Bc1 {Black must now prevent f4.} Be8 $1 21. f4 Nd7 22. Qd4 Qc5 23. Qd3 $36 {[%mdl 2048] White is pushing.} a6 24. Be3 Qa5 25. Qc4+ Qc7 26. Qd4 Nc5 27. Bg2 Bc6 28. Bh3 Kb8 ({Black should try} 28... b6) 29. b4 Nd7 $2 {[#]} (29... Na4 $16) 30. Nd5 $1 $18 {[%cal Rd5c7]} exd5 {[#]} 31. Qa7+ $1 Kc8 {...Re8 is the strong threat.} 32. Bb6 $1 {[%cal Rb6c7]} Qb8 33. Qxb8+ Kxb8 34. Bxd8 dxe4 35. Rh1 {aiming for Bxd7.} Ka7 $2 (35... Bg7 36. Rd1 Bc3) 36. Bg4 d5 37. a3 Bd6 38. Rh7 Nb6 39. Bxb6+ Kxb6 40. Rxf7 d4 41. f5 gxf5 42. Bxf5 e3 43. Bd3 Be4 (43... Bd5 $18) 44. Bxe4 {Precision: White = 62%, Black = 46%.} 1-0

[Event "Kupreichik Memorial Open 2018"]
[Site "Minsk"]
[Date "2018.06.21"]
[Round "2"]
[White "Aleksandrov, Aleksej"]
[Black "Vashchilov, Sergey"]
[Result "1/2-1/2"]
[WhiteElo "2597"]
[BlackElo "2122"]
[Annotator "TA"]
[PlyCount "123"]
[EventDate "2018.06.21"]
[EventCountry "BLR"]
[SourceTitle "playchess.com"]
[Source "ChessBase"]
[SourceQuality "1"]

{[%evp 29,123,18,18,12,15,8,12,0,11,-12,0,-8,-6,-1,-10,-18,-13,-10,-9,-10,-12,-14,0,-31,1,0,20,0,2,16,62,71,59,16,70,-30,-4,-57,-58,-93,-22,-20,-24,-29,-26,-22,0,0,66,0,96,96,103,105,100,100,83,94,77,93,783,0,0,-96,-140,-127,0,0,0,-102,-100,-97,-95,-178,-153,-149,0,-55,-50,-60,-19,-167,-23,-132,-141,-170,-167,-160,0,-86,-55,-89,-8,-5,-5,-5]} 1. d4 e6 2. c4 d5 3. Nc3 Nf6 4. cxd5 exd5 5. Bg5 c6 6. e3 Nbd7 7. Bd3 Be7 8. Qc2 Nh5 9. Bxe7 Qxe7 10. Nf3 Nf4 11. Bf1 Nb6 12. O-O-O Nh5 13. h3 g6 14. Bd3 Be6 {D36: Queen's Gambit Declined: Exchange Variation: Main line (5 Bg5 c6 6 Qc2)} 15. g4 Ng7 {LiveBook: 40 Games} 16. Ne2 O-O-O 17. Nf4 Kb8 {[#]} 18. Nxe6 $146 ({Predecessor:} 18. Be2 Ne8 19. Nd2 Nd6 20. h4 Bc8 21. Nb3 Ne4 22. Bf3 f5 {½-½ (20) Kasparov,G (2760)-Smyslov,V (2550) Moscow 1988}) 18... Qxe6 19. Nd2 Rc8 20. Nb3 h5 21. g5 h4 22. Rdg1 Nd7 23. Rg4 Qe7 24. Kb1 Ne6 25. Rhg1 c5 26. dxc5 Ndxc5 27. Nxc5 Nxc5 28. Qe2 Rh5 29. a3 Ne4 30. Bxe4 $1 dxe4 31. Qb5 Qc7 (31... f5 $11 32. gxf6 Qxf6) 32. Rf4 (32. Qb4 $14) 32... f5 33. Ka2 (33. Qe2 $11) 33... a6 $15 34. Qb3 Rd8 (34... Qe7 $17 35. Rd1 Rxg5 36. Rxh4 Rg2) 35. f3 $11 exf3 36. Rxf3 Qe5 37. Rf4 Rh7 38. Rc1 Rh5 (38... Ka7 $11) 39. Qb6 (39. Rc6 $14 Rd6 40. Rxd6 Qxd6 41. Rb4) 39... Rd6 (39... Qd5+ $11 40. Kb1 Qd6) 40. Qc7+ $16 Ka7 41. Rb4 {[%csl Gb4][%cal Rc7b7]} Qe6+ 42. Rcc4 $1 {[%csl Gb4][%cal Rc7b7]} Rb6 43. Rxb6 Qxb6 {[%mdl 4096] Endgame KQR-KQR} 44. Qe5 Rxg5 $2 {[%mdl 8192]} (44... Qd8 $16) 45. Rb4 $2 (45. Rc8 $18 {[%csl Gc8][%cal Re5b8]} a5 46. Re8) 45... Qd8 $11 {Threatens to win with ...Rg3.} 46. Rd4 (46. Qc5+ $11 Ka8 47. Qc4) 46... Qg8+ $17 47. Rd5 Rg1 ({Black should play} 47... Ka8 $1 $17 48. Kb1 Rg1+ 49. Kc2 Qc8+ 50. Kb3 Rc1) 48. Qd4+ Kb8 49. a4 (49. b3 $11 Qe6 50. Rd8+ Kc7 51. Rf8 Rg2+ 52. Ka1) 49... Rc1 $1 50. b3 Rc2+ 51. Kb1 (51. Ka3 $17 {is a better defense.} Qf8+ 52. b4) 51... Rc8 $19 52. Ka2 Rc2+ ({Black should try} 52... Qh8 $1 $17 {White must now prevent ...Qxd4.} 53. Qf4+ Ka8) 53. Ka3 (53. Kb1 $11 Rc8 54. e4) 53... Qf8+ 54. b4 Rc8 {And now ...Qh8 would win.} 55. Rd7 {[#]} (55. Qf4+ $11 Ka7 56. Qd4+ Ka8 57. Qxh4) 55... Qe8 (55... Qh8 $1 $19 {Hoping for ...Qxd4.} 56. Kb3 Qg8+ 57. Kb2 Qc4 58. Qd6+ Ka7 59. Qd4+ Ka8) 56. Kb2 (56. b5 $11) 56... Qe6 $17 57. b5 axb5 58. axb5 {[#]} Qc4 $2 (58... Rc4 $1 $17 {[%cal Rc4d4]} 59. Rd6 Qc8) 59. Qxc4 (59. Qd6+ $11 {keeps the balance.} Ka8 60. Qa3+ Kb8 61. Qd6+ Ka8 62. Qa3+ Kb8 63. Qd6+) 59... Rxc4 60. Rg7 $1 Rb4+ (60... Re4 $17 {Strongly threatening ...Ka7.} 61. Rxg6 Rxe3) 61. Kc3 $11 Rxb5 {next ...Re5 is good for Black.} 62. Rxg6 {Precision: White = 29%, Black = 41%.} 1/2-1/2

[Event "Kupreichik Memorial Open 2018"]
[Site "Minsk"]
[Date "2018.06.21"]
[Round "2"]
[White "Meshkovs, Nikita"]
[Black "Runets, Ivan"]
[Result "1-0"]
[WhiteElo "2572"]
[BlackElo "2027"]
[Annotator "TA"]
[PlyCount "71"]
[EventDate "2018.06.21"]
[EventCountry "BLR"]
[SourceTitle "playchess.com"]
[Source "ChessBase"]
[SourceQuality "1"]

{[%evp 21,71,18,21,14,27,11,11,14,12,0,68,59,101,97,104,76,85,61,54,51,106,102,102,91,124,102,131,87,126,113,145,148,143,139,164,166,171,170,165,141,183,191,271,261,250,195,266,264,357,285,481,461]} 1. c4 c5 2. Nf3 Nf6 3. Nc3 Nc6 4. d4 cxd4 5. Nxd4 d6 6. g3 g6 7. Bg2 Bd7 8. b3 Bg7 9. Bb2 O-O 10. O-O Qa5 11. e3 Rab8 {LiveBook: 14 Games} 12. Re1 {E60: King's Indian: Unusual lines and Fianchetto Variation without Nc3} (12. Qd2 Rfc8 13. Rac1 {½-½ (13) Shevchenko,K (2502)-Baklan,V (2600) Utebo 2017}) 12... Rfe8 $146 ({Predecessor:} 12... Rfc8 13. h3 a6 14. a3 Qd8 15. Nd5 Nxd5 16. cxd5 Nxd4 17. Bxd4 Qf8 18. Qd2 Rc7 19. Rac1 Rbc8 20. Rxc7 Rxc7 21. Bxg7 Kxg7 {½-½ (44) Sutkovic,D (2385)-Zufic,M (2437) Zupanja 2007}) 13. a3 Qh5 14. Qxh5 {The position is equal.} Nxh5 15. Rad1 a6 (15... Na5 $11) 16. Nd5 $14 e5 17. Ne2 {[%cal Bd4e2,Be2c3,Bc3d5][%mdl 32]} Red8 18. Nb6 Be6 19. Rd2 Nf6 20. Red1 Ne8 (20... Nd7 $14 21. Nxd7 Rxd7) 21. b4 $16 f6 22. Nc3 Bf8 23. Ncd5 Kf7 24. h3 Ne7 25. f4 Nxd5 26. cxd5 Bd7 27. Rc1 $36 {[%cal Bd1c1,Bc1c2,Bc2c7][%mdl 2080] Black is under strong pressure.} Be7 28. Rf2 Kg8 29. a4 Bf8 30. e4 Bh6 31. Rcc2 Ng7 (31... Kf8 $142 32. fxe5 Be3) 32. Rc7 $18 Be8 33. Kh2 Nh5 (33... exf4 {keeps fighting.} 34. g4 (34. gxf4 Nh5 $16) 34... Bg5) 34. Bc1 Ng7 35. g4 g5 $2 {[#]} (35... exf4 36. Bxf4 g5) 36. fxe5 {Precision: White = 77%, Black = 32%.} 1-0

[Event "Kupreichik Memorial Open 2018"]
[Site "Minsk"]
[Date "2018.06.21"]
[Round "2"]
[White "Notkin, Maksim"]
[Black "Kaliadzich, Maryia"]
[Result "1-0"]
[WhiteElo "2455"]
[BlackElo "2058"]
[Annotator "TA"]
[PlyCount "75"]
[EventDate "2018.06.21"]
[EventCountry "BLR"]
[SourceTitle "playchess.com"]
[Source "ChessBase"]
[SourceQuality "1"]

{[%evp 16,75,22,6,39,24,34,-2,7,0,9,-16,43,43,77,104,111,109,105,118,207,140,137,54,183,105,95,88,139,106,109,129,124,108,204,208,216,213,447,450,418,412,516,485,756,718,663,568,883,857,2244,2105,3048,2845,4802,4806,4798,4798,4132,2908,2747,1902]} 1. d4 d5 2. c4 c6 3. Nf3 {[%cal Bg1f3,Bf3d2,Bd2c4,Bc4e5][%mdl 32]} Nf6 4. Nc3 e6 5. e3 Nbd7 6. Be2 dxc4 7. a4 Bd6 8. Nd2 {D45: Damengambit (Anti-Meraner Variante)} O-O 9. Nxc4 {LiveBook: 12 Partien} Bb8 (9... Bc7 10. b3 Nb6 11. Ba3 Nxc4 12. Bxc4 Bd6 13. O-O Bxa3 14. Rxa3 Qe7 15. Ra2 e5 {½-½ (40) Bluebaum,M (2642)-Buhmann,R (2580) Dresden 2017}) 10. O-O {Weiß steht etwas besser.} e5 11. Bf3 $146 ({Vorgänger:} 11. e4 exd4 12. Qxd4 Ne5 13. Qxd8 Rxd8 14. Bg5 Nxc4 15. Bxc4 Be5 16. Rfd1 {½-½ (16) Bigaliev,R (2360)-Kandyba,L (2370) Briansk 1995}) 11... exd4 12. exd4 Nb6 13. Ne5 Nfd5 (13... a5 $11) 14. a5 $14 Nxc3 15. bxc3 Nd5 16. c4 $36 {[%mdl 2048] Weiss ist am Drücker.} Ne7 17. a6 Ng6 (17... f6 $16) 18. axb7 Bxb7 19. Ba3 ({Schlechter ist} 19. Nxc6 Bxc6 20. Bxc6 Qc7 $17) ({Günstiger ist} 19. Nxg6 $16 fxg6 20. Ba3) 19... Re8 (19... Nxe5 $14 20. dxe5 Bxe5) 20. Bxc6 (20. Rb1 $18 {Droht stark Sxg6.} Bxe5 21. dxe5 (21. Rxb7 Qc8 $16)) 20... Bxe5 $16 21. Bxb7 Bxh2+ ({Besser ist} 21... Qxd4 22. Bxa8 Qxa1 23. Qxa1 Bxa1) 22. Kxh2 Qc7+ 23. Kg1 Qxb7 24. d5 Red8 (24... Qc7 $16) 25. Qd4 $18 f6 26. Rfd1 h5 $2 {[#]} (26... Qf7 27. c5 Ne5) 27. c5 {[%cal Bc4c5,Bc5c6,Bc6c7][%mdl 32]} Ne5 28. c6 Qc7 29. Rac1 {Weiß steht klar auf Gewinn.} Qf7 (29... Rac8 $142 30. Qe4 Qf7) 30. c7 Re8 31. Bd6 Qd7 32. Bxe5 Rxe5 33. d6 Rc8 34. Re1 Rg5 35. Re7 Qh3 36. Qe4 {[#] jetzt d7 und aus.} Qa3 37. Qe6+ Kh7 38. Re1 {Precision: Weiß = 69%, Schwarz = 24%.} 1-0

[Event "Kupreichik Memorial Open 2018"]
[Site "Minsk"]
[Date "2018.06.21"]
[Round "2"]
[White "Bernotas, Arturs"]
[Black "Romanovskij, Nikita"]
[Result "1-0"]
[WhiteElo "2410"]
[BlackElo "1990"]
[Annotator "TA"]
[PlyCount "121"]
[EventDate "2018.06.21"]
[EventCountry "BLR"]
[SourceTitle "playchess.com"]
[Source "ChessBase"]
[SourceQuality "1"]

{[%evp 17,121,25,31,8,28,14,37,37,35,38,75,47,73,82,81,64,124,109,109,110,225,228,237,247,250,241,238,226,239,182,175,166,161,65,168,166,166,166,166,166,138,159,171,160,215,215,205,94,103,0,208,205,205,207,736,744,733,672,666,569,1014,755,1356,1302,1094,1904,6187,6146,5206,1122,1105,966,1027,1005,1025,1018,1010,1009,921,965,773,860,837,822,779,778,722,670,585,571,5214,2765,2134,2228,1904,1818,5302,5206,29985,29986,29986,29987,29987,29988,29988,29988]} 1. e4 e5 2. Nf3 Nf6 3. Nxe5 d6 4. Nf3 Nxe4 5. d4 d5 6. Bd3 Nc6 7. O-O Be7 8. c3 O-O {C42: Petroff Defence: 3 Nxe5 and unusual White 3rd moves} (8... Bg4 9. Nbd2 Nxd2 10. Bxd2 O-O 11. Re1 Bd6 12. h3 Bh5 13. Be3 Re8 14. g4 Bg6 15. Bxg6 hxg6 16. Kg2 Qd7 17. Qb3 Ne7 18. Bg5 {½-½ (92) Morozevich,A (2774)-Bu,X (2708) Yerevan 2008}) 9. Re1 Bf5 {LiveBook: 11 Games} 10. Bf4 Qd7 {The position is equal.} 11. Qc2 Bg6 12. Nbd2 Nxd2 $146 ({Predecessor:} 12... Qg4 13. Bxc7 Rac8 14. Ne5 Nxe5 15. Bxe5 Nxd2 16. Qxd2 Bg5 {0-1 (27) Zelic,M (2050)-Puljek Salai,Z (2230) Porec 1994}) 13. Qxd2 a6 14. Re3 Bd6 15. Bxd6 Qxd6 16. Rae1 Qd7 (16... Bxd3 $14 17. Qxd3 h6) 17. Bxg6 $1 $16 hxg6 18. Qe2 $1 f6 (18... Rab8 $16 {keeps fighting.}) 19. Nh4 $1 $18 {[%cal Rh4g6]} Kf7 20. Qd3 f5 21. Nf3 Rae8 22. Ng5+ Kg8 23. Kf1 Nd8 24. Rxe8 Rxe8 25. Rxe8+ Qxe8 26. Qh3 $1 Nf7 27. Qh7+ Kf8 28. Qxg6 Nxg5 29. Qxg5 {[%mdl 4096] Endgame KQ-KQ} Qb5+ 30. Ke1 Qxb2 (30... Qd7 $16 31. Kd2 c6) 31. Qxf5+ Ke7 32. Qe5+ (32. Qxd5 $6 Qxc3+ 33. Ke2 Qc2+ 34. Kf3 Qd1+ 35. Kg3 Qd3+ 36. Kh4 c6 $16) (32. Qg5+ $1 $18 Ke8 33. Qe5+ (33. Qxg7 c6 $16) (33. Qxd5 Qxc3+ 34. Ke2 Qc2+ 35. Kf3 Qd3+ 36. Kf4 Qd2+ 37. Kg3 Qd3+ 38. Kh4 Qh7+ 39. Kg4 Qg6+ 40. Kf3 Qd3+ 41. Kf4 Qd2+ 42. Kg3 Qd3+ 43. Kh4 Qh7+ 44. Qh5+ Qxh5+ 45. Kxh5 Kf7 $14) 33... Kf8 34. Qxc7) 32... Kf8 $16 33. Qf5+ (33. Qxc7 $16 Qb1+ 34. Kd2) 33... Ke7 $18 34. Qg5+ $1 ({Don't do} 34. Qxd5 $6 Qxc3+ 35. Ke2 Qc2+ 36. Kf3 Qd3+ 37. Kf4 Qd2+ 38. Kg3 Qd3+ 39. Kh4 c6 $16) 34... Ke8 35. Qh5+ $1 ({But not} 35. Qxg7 $6 Qxc3+ 36. Ke2 Qc2+ 37. Kf3 Qf5+ 38. Kg3 b6) ({Resist} 35. Qxd5 $6 Qxc3+ 36. Ke2 Qc2+ 37. Kf3 Qd3+ 38. Kf4 Qd2+ 39. Kg3 Qd3+ 40. Kh4 Qh7+ 41. Kg4 Qg6+ 42. Kf3 Qd3+ 43. Kf4 Qd2+ 44. Kg3 Qd3+ 45. Kh4 Qh7+ 46. Kg3 Qg6+ 47. Kf3 Qd3+ $16) 35... Ke7 $2 {[#]} (35... Kd7) 36. Qe2+ $1 Qxe2+ 37. Kxe2 {KP-KP} b6 38. f4 c5 39. Ke3 c4 40. g4 a5 41. a4 Kf6 42. h4 g6 {[#]} 43. g5+ (43. f5 $142 $1 {[%mdl 512]} Kf7 (43... gxf5 44. g5+) 44. fxg6+ Kxg6 45. g5) 43... Ke6 44. Ke2 Kf7 45. Kf3 b5 46. axb5 a4 47. b6 {Intending b7 and mate.} a3 48. b7 a2 49. b8=Q {White threatens Qa7+ and mate.} a1=Q {KQ-KQ} 50. Qb7+ Kf8 51. Qc8+ Ke7 52. Qc7+ Ke8 53. Qe5+ Kf8 54. Qf6+ Ke8 55. Qxg6+ Kd7 56. Qf7+ Kc8 57. Kg4 Qxc3 58. g6 {[%cal Bg5g6,Bg6g7][%mdl 32] White mates.} Qxd4 59. g7 {[%cal Rg7g8]} Qd1+ 60. Kg5 {[%cal Rg7g8]} Qg1+ 61. Kh6 {Precision: White = 74%, Black = 37%.} 1-0

[Event "Kupreichik Memorial Open 2018"]
[Site "Minsk"]
[Date "2018.06.21"]
[Round "2"]
[White "Meshkov, Yuri A"]
[Black "Svjatocho, Andrej"]
[Result "1-0"]
[WhiteElo "2375"]
[BlackElo "1979"]
[Annotator "NA"]
[PlyCount "93"]
[EventDate "2018.06.21"]
[EventCountry "BLR"]
[SourceTitle "playchess.com"]
[Source "ChessBase"]
[SourceQuality "1"]
[TimeControl "900+10"]

1. d4 {[%emt 0:00:00]} e6 {[%emt 0:00:03]} 2. Bf4 {[%emt 0:00:02]} c5 {[%emt 0:00:38]} 3. d5 {[%emt 0:00:04]} exd5 {[%emt 0:00:34]} 4. Qxd5 {[%emt 0:00:05]} Nc6 {[%emt 0:00:13]} 5. Nc3 {[%emt 0:00:25]} Nf6 {[%emt 0:00:24]} 6. Qd3 {[%emt 0:00:22]} a6 {[%emt 0:01:42]} 7. O-O-O {[%emt 0:00:48]} Be7 {[%emt 0:00:20]} 8. e4 {[%emt 0:00:38]} O-O {[%emt 0:00:20]} 9. f3 {[%emt 0:00:55]} b5 {[%emt 0:01:32]} 10. g4 {[%emt 0:00:17]} Nb4 {[%emt 0:01:17]} 11. Qd2 {[%emt 0:01:10]} Qa5 {[%emt 0:01:32]} 12. a3 Nc6 {[%emt 0:00:21]} 13. Nd5 {[%emt 0:00:57]} Qxd2+ {[%emt 0:00:38]} 14. Rxd2 {[%emt 0:00:03]} Nxd5 {[%emt 0:00:04]} 15. Rxd5 {[%emt 0:00:16]} b4 {[%emt 0:00:21]} 16. Ne2 {[%emt 0:01:07]} Rd8 {[%emt 0:00:11]} 17. Bd6 {[%emt 0:00:02]} Bxd6 {[%emt 0:00:49]} 18. Rxd6 {[%emt 0:00:01]} Na5 {[%emt 0:00:02]} 19. Ng3 {[%emt 0:00:20]} bxa3 {[%emt 0:00:11]} 20. bxa3 {[%emt 0:00:00]} Nb7 {[%emt 0:00:02]} 21. Rb6 d5 {[%emt 0:00:35]} 22. e5 {[%emt 0:00:34]} c4 {[%emt 0:00:33]} 23. Be2 {[%emt 0:00:39]} Na5 {[%emt 0:01:15]} 24. Rd1 {[%emt 0:00:15]} Bb7 {[%emt 0:00:09]} 25. Nf5 Kf8 {[%emt 0:00:30]} 26. f4 {[%emt 0:00:12]} Bc6 {[%emt 0:00:22]} 27. Nd4 {[%emt 0:00:09]} Be8 {[%emt 0:00:08]} 28. Bf3 {[%emt 0:00:11]} c3 {[%emt 0:00:44]} 29. Be2 {[%emt 0:00:18]} Rdb8 {[%emt 0:00:36]} 30. Rxa6 {[%emt 0:00:28]} Rxa6 {[%emt 0:00:04]} 31. Bxa6 {[%emt 0:00:01]} Ra8 {[%emt 0:00:03]} 32. Bb5 {[%emt 0:01:13]} Nc4 {[%emt 0:00:09]} 33. Bxc4 {[%emt 0:01:41]} dxc4 {[%emt 0:00:07]} 34. Ne2 {[%emt 0:00:15]} Rxa3 {[%emt 0:00:06]} 35. Kb1 {[%emt 0:00:01]} Bc6 {[%emt 0:00:27]} 36. Rd8+ {[%emt 0:00:44]} Ke7 {[%emt 0:00:01]} 37. Rd6 {[%emt 0:00:14]} Be4 {[%emt 0:00:22]} 38. Nd4 {[%emt 0:00:12]} Ra8 {[%emt 0:00:15]} 39. h4 {[%emt 0:02:15]} g6 {[%emt 0:00:12]} 40. f5 {[%emt 0:00:15]} gxf5 {[%emt 0:00:19]} 41. gxf5 {[%emt 0:00:04]} Ra5 {[%emt 0:01:02]} 42. f6+ {[%emt 0:00:03]} Ke8 {[%emt 0:00:01]} 43. e6 {[%emt 0:00:00]} Rd5 {[%emt 0:01:48]} 44. Rxd5 {[%emt 0:00:04]} Bxd5 {[%emt 0:00:02]} 45. e7 {[%emt 0:00:01]} h5 {[%emt 0:00:08]} 46. Ka2 {[%emt 0:00:02]} Bc6 {[%emt 0:00:07]} 47. Nxc6 {[%emt 0:00:07]} 1-0